000 00507nam a2200193Ia 4500
003 GCL
008 140319s9999 xx 000 0 eng d
040 _aGCL /
_cGCL
082 0 4 _a621.3815
_bB E
100 1 _aSABERIN, GLORIA
245 1 0 _aELECTRONIC DEVICES AND CIRCUITS USING MICRO CAP II /
_cSABERIN, GLORIA
700 1 _aVACCA, JOHN R.
260 _a[S.N] :
_bABRAD FORD BOOK ،
_c1992
300 _a180 P
650 0 4 _aELECTRONICS
650 0 4 _aDEVICES
650 0 4 _aCIRCUITS
942 _2ddc
_cBK
999 _c12272
_d12272